Advanced strength of materials (Record no. 6074)

000 -LEADER
fixed length control field 00525nam a2200193 4500
001 - CONTROL NUMBER
control field 6074
003 - CONTROL NUMBER IDENTIFIER
control field BD-DhHUET
008 - FIXED-LENGTH DATA ELEMENTS--GENERAL INFORMATION
fixed length control field 790809s1952 nyua 001 0 eng
020 ## - INTERNATIONAL STANDARD BOOK NUMBER
International Standard Book Number 070164002
040 ## - CATALOGING SOURCE
Original cataloging agency DLC
Transcribing agency DLC
Modifying agency BD-DhHUET
082 ## - DEWEY DECIMAL CLASSIFICATION NUMBER
Classification number 620.11
Item number DEN/1952
100 1# - MAIN ENTRY--PERSONAL NAME
Personal name Den Hartog, J. P.
245 10 - TITLE STATEMENT
Title Advanced strength of materials
Statement of responsibility, etc. by Den Hartog, J. P.
250 ## - EDITION STATEMENT
Edition statement 1st ed.
260 ## - PUBLICATION, DISTRIBUTION, ETC. (IMPRINT)
Place of publication, distribution, etc. New York
Name of publisher, distributor, etc. McGraw-Hill
Date of publication, distribution, etc. 1952
300 ## - PHYSICAL DESCRIPTION
Extent ix,379 p.
Other physical details illus.
Dimensions 24 cm.
650 #0 - SUBJECT ADDED ENTRY--TOPICAL TERM
Topical term or geographic name as entry element Strength of materials: engineering
942 ## - ADDED ENTRY ELEMENTS (KOHA)
Koha item type General Book
Holdings
Koha normalized classification for sorting Damaged status Koha full call number Sublocation or collection (holding branch) Piece designation (barcode) Shelving location Date acquired Price effective from Source of classification or shelving scheme Location (home branch) Not for loan Copy number Koha item type Withdrawn status Lost status Koha date last seen
620_000000000000000_11DEN1952 620.11/DEN/1952Central Library, BUET87925Circulation section2014-11-302014-11-30 Central Library, BUET 1General Book  2014-11-30
620_110000000000000_DEN_1952 620.11/DEN/1952Central Library, BUET29906Circulation section2015-04-232015-04-23 Central Library, BUET 2General Book  2015-04-23
620_110000000000000_DEN_1952 620.11/DEN/1952Central Library, BUET29901Circulation section2015-04-232015-04-23 Central Library, BUET 3General Book  2015-04-23
620_110000000000000_DEN_1952 620.11/DEN/1952Central Library, BUET34760Circulation section2015-04-232015-04-23 Central Library, BUET 4General Book  2015-04-23
620_110000000000000_DEN_1952 620.11/DEN/1952Central Library, BUET29903Circulation section2015-04-232015-04-23 Central Library, BUET 5General Book  2015-04-23
620_110000000000000_DEN_1952 620.11/DEN/1952Central Library, BUET34761Circulation section2015-04-232015-04-23 Central Library, BUET 6General Book  2015-04-23
620_110000000000000_DEN_1952 620.11/DEN/1952Central Library, BUET29908Circulation section2015-04-232015-04-23 Central Library, BUET 7General Book  2015-04-23
620_110000000000000_DEN_1952 620.11/DEN/1952Central Library, BUET29905Circulation section2015-04-232015-04-23 Central Library, BUET 8General Book  2015-04-23
620_110000000000000_DEN_1952 620.11/DEN/1952Central Library, BUET29904Circulation section2015-04-232015-04-23 Central Library, BUET 9General Book  2015-04-23
620_110000000000000_DEN_1952 620.11/DEN/1952Central Library, BUET34762Circulation section2015-04-252015-04-25 Central Library, BUET 10General Book  2015-04-25
620_110000000000000_DEN_1952 620.11/DEN/1952Central Library, BUET29907Circulation section2015-04-252015-04-25 Central Library, BUET 11General Book  2015-04-25